000 00527nam a2200217Ia 4500
003 OSt
005 20221018092059.0
008 210210b2018 xxu||||| |||| 00| 0 eng d
020 _a9789350517697
040 _cAL
041 _aeng
082 _a519.5 GUPF
100 _aGUPTA (S C)
_959802
245 _aFundamentals of statistics
250 _a7 Rev
260 _aMumbai
_bHimalaya Publishing House
_c2018
300 _axxvi,1219
690 _aMathematical Statistics
_959803
906 _a072130
942 _2ddc
_cBK
999 _c122256
_d122256